Aufstellung CL-Finale 2019 - Statistiken

Allgemein
  • Dieses Quiz wurde 443 mal gespielt
  • Das Durchschnittsergebnis liegt bei 16 aus 22
Antwortstatistiken
Verein Position Spieler % Korrekt
FC Liverpool RF Mohamed Salah
98%
Tottenham Hotspur ST Harry Kane
97%
FC Liverpool LF Sadio Mane
97%
FC Liverpool IV Virgil Van Dijk
95%
Tottenham Hotspur TW Hugo Lloris
94%
FC Liverpool RV Trent Alexander-Arnold
94%
FC Liverpool TW Alisson Becker
92%
Tottenham Hotspur LOM Heung-Min Son
92%
FC Liverpool MS Roberto Firmino
92%
FC Liverpool LV Andrew Robertson
91%
FC Liverpool RZM Jordan Henderson
86%
FC Liverpool IV Joel Matip
81%
FC Liverpool ZDM Fabinho
73%
Tottenham Hotspur ROM Dele Alli
69%
Tottenham Hotspur IV Jan Vertonghen
62%
FC Liverpool LZM Georginio Wijnaldum
55%
Tottenham Hotspur IV Toby Alderweireld
55%
Tottenham Hotspur ZOM Christian Eriksen
46%
Tottenham Hotspur LV Danny Rose
34%
Tottenham Hotspur ZDM Moussa Sissoko
34%
Tottenham Hotspur RV Kieran Trippier
30%
Tottenham Hotspur ZDM Harry Winks
24%
Keine übereinstimmenden Quizze gefunden
Verteilung der Resultate
Anzahl Personen mit jedem Resultat
Perzentil nach korrekt beantworteten Fragen
Ihre Resultats-Entwicklung
Sie haben dieses Quiz noch nicht gespielt